000 00438nam a2200181Ia 4500
001 3398
005 20260306145640.0
008 260306t2001||||xx |||||||||||||| ||spa||
041 _aESP
082 _a272
_bQ19 T. 1 2001
100 _aQuasten, Johannes [1900-1987]
_eAUT
245 0 _aPatrologĂ­a:
_bhasta el concilio de Nicea
260 _c2001
300 _a
_c20 cm.
650 _aGEN
654 _aCHU
942 _cLIB
_dJUS
_fJUS
_2ddc
_n
999 _c3398
_d3398